| 000 | 01558nam0a2200289 4500 | ||
|---|---|---|---|
| 001 | RU\NLR\bibl\1415682 | ||
| 005 | 20260407111454.0 | ||
| 021 |
_aRU _b2009-57540 _93549 |
||
| 035 | _a(NLR Aleph) 001407648 | ||
| 090 |
_a1262235 _c1262235 |
||
| 100 | _a20090923d2009 |||y0rusy50 ca | ||
| 101 | 0 | _arus | |
| 102 | _aRU | ||
| 105 | _ay ||||||||| | ||
| 200 | 1 |
_aСтрахование _eтерминологический словарь для студентов экономических специальностей _fФедер. агентство по образованию, Новгор. гос. ун-т им. Ярослава Мудрого _g[сост. Бедовая Людмила Владимировна] |
|
| 210 |
_aВеликий Новгород _cИздательско-полиграфический центр Новгородского государственного университета _d2009 |
||
| 215 |
_a62 с. _d21 |
||
| 320 | _aБиблиогр.: с. 61 (5 назв.) и в подстроч. прим. | ||
| 606 | 1 |
_aСтрахование _jТерминологические словари _91041262 _3RU\NLR\auth\6683083 |
|
| 686 | _aУ26(0)31я212 | ||
| 702 | 1 |
_aБедовая _bЛ. В. _gЛюдмила Владимировна _4220 |
|
| 712 | 0 | 2 |
_4570 _aНовгородский государственный университет им. Ярослава Мудрого _9373214 _3RU\NLR\AUTH\889939168 |
| 801 | 0 |
_aRU _bNLR _c20090923 _gRCR |
|
| 801 | 1 |
_aRU _bNLR _c20090923 |
|
| 942 | _cBOOK | ||
| 980 | _aNB | ||